The Originals - Statistics

General Stats
  • This quiz has been taken 3,495 times
  • The average score is 12 of 20
Answer Stats
Question Answer % Correct
What kind of supernatural creature is Klaus? Vampire/Werewolf Hybrid
98%
In which town is The Originals set? New Orleans
92%
What is the family name for the original family? Mikaelson
88%
What is the name of Klaus's and Hayley's Baby Hope
78%
What is the name of Klaus's other older brother? Elijah Mikaelson
73%
What is the name of Klaus's oldest brother? Finn Mikaelson
72%
What is the name of the older Mikaelson sister? Freya
72%
In the final episode of the first season, which sibling did Klaus give his daughter Hope to? Rebekah
69%
What is the name of Klaus's youngest sister? Rebekah Mikaelson
68%
What is the name of the witch that Marcel saved from the harvest? Davina Claire
67%
What is the name of the original witch? Esther Mikaelson
62%
What is the name of Klaus's stepfather? Mikael Mikaelson
61%
In which country is Claire Holt and Phoebe Tonkin from? Australia
60%
Which two Mikaelsson brothers fell in love with the original doppelgänger? Klaus and Elijah
55%
Who was responsible for the death of the original doppelgänger? Elijah Mikaelson
49%
Whose blood did the Mikaelson's drink to become vampies? Tatia Petrova
29%
What is the name of Klaus's youngest brother? Kol Mikaelson
25%
In what other supernatural show did Phoebe Tonkin star in with Shelley Hennig? The Secret Circle
21%
In which other show did Claire Holt and Phoebe Tonkin co-star in? H20 Just Add Water
18%
What is the name of the episode that Klaus and Elijah attend dinner with their mother? Every Mother's Son
3%
No matching quizzes found
Score Distribution
Percent of People with Each Score
Percentile by Number Answered
Your Score History
You have not taken this quiz